Cero labranza: los rastrojos, la nutrición del suelo y su relación con la fertilidad de las plantas
সংরক্ষণ করুন:
| প্রধান লেখক: | |
|---|---|
| বিন্যাস: | গ্রন্থ |
| ভাষা: | স্প্যানিশ |
| প্রকাশিত: |
Concepción
Carlos C. Crovetto
2002
|
| বিষয়গুলি: | |
| ট্যাগগুলো: |
ট্যাগ যুক্ত করুন
কোনো ট্যাগ নেই, প্রথমজন হিসাবে ট্যাগ করুন!
|
MARC
| LEADER | 00000cam a2200000 a 4500 | ||
|---|---|---|---|
| 001 | UCL7123 | ||
| 003 | CL-VaPUC | ||
| 005 | 20240924111706.0 | ||
| 008 | 040507e20020000CL |||||||||||||||||spa|d | ||
| 999 | |c 308979 |d 308977 | ||
| 020 | |a 9562914445 | ||
| 040 | |c Pontificia Universidad Católica de Valparaíso | ||
| 082 | 0 | 4 | |a 631.5814 |b CRO |2 21 |
| 100 | |a Crovetto Lamarca, Carlos |e author |9 467722 | ||
| 245 | 1 | 0 | |a Cero labranza: los rastrojos, la nutrición del suelo y su relación con la fertilidad de las plantas |
| 260 | |a Concepción |b Carlos C. Crovetto |c 2002 | ||
| 300 | |a 225 p | ||
| 583 | |a last modification |c 20140321 08:57:38 |k Rodrigo Vera | ||
| 650 | 0 | |a Labranza |9 401579 |x Vida del suelo | |
| 650 | 0 | |a Agricultura sustentable |2 CL-VaPUC |9 468550 |x Ecosistema | |
| 650 | 0 | |a Manejo de residuos |9 546738 | |
| 942 | |c BK |2 ddc | ||
| 945 | |d 20040507 00:00:00 |a cmena | ||
| 952 | |0 0 |1 0 |4 0 |6 631_581400000000000_CRO_2002 |7 0 |8 A |9 375995 |a BIBAGR |b BIBAGR |d 2019-11-21 |i 4014014 |o 631.5814 CRO 2002 |p 4014014 |r 2025-01-20 |w 2019-11-21 |y BK |k AGR | ||
| 952 | |0 0 |1 0 |4 0 |6 631_581400000000000_CRO_2002 |7 0 |8 A |9 375996 |a BIBAGR |b BIBAGR |d 2019-11-21 |i 4013832 |o 631.5814 CRO 2002 |p 4013832 |r 2025-01-20 |w 2019-11-21 |y BK |k AGR | ||
| 952 | |0 0 |1 0 |4 0 |6 631_581400000000000_CRO_2002 |7 0 |8 A |9 375997 |a BIBAGR |b BIBAGR |d 2019-11-21 |i 4225988 |o 631.5814 CRO 2002 |p 4225988 |r 2025-01-20 |w 2019-11-21 |y BK |k AGR | ||
| 952 | |0 0 |1 0 |3 erb |4 0 |6 631_581400000000000_CRO_2002 |7 0 |8 A |9 375998 |a BIBAGR |b BIBAGR |i 5063213 |o 631.5814 CRO 2002 |p 5063213 |r 2025-01-20 |w 2019-11-21 |y BK |z Catalogado en:20140331 |k AGR | ||